| 000 | 02447nam0a2200397 i 4500 | ||
|---|---|---|---|
| 001 | RU\NLR\BIBL_A\010022289 | ||
| 005 | 20260407093348.0 | ||
| 010 |
_a9785736709922 _9500 |
||
| 021 |
_aRU _b2013-93479 _96476 |
||
| 035 | _a(NILC)RuMoRGB-006701464 | ||
| 035 | _a(NLR Aleph) 010022289 | ||
| 090 |
_a9907457 _c9907457 |
||
| 100 | _a20140117d2013 k y0rusy50 ca | ||
| 101 | 0 |
_arus _deng |
|
| 102 | _aRU | ||
| 105 | _aa|||7|||001yy | ||
| 200 | 1 |
_aСравнительный анализ технологий получения биотоплива для дизельных двигателей _f[А.Н. Зазуля, д.т.н., С.А. Нагорнов, д.т.н., проф., С.В. Романцова, к.х.н., доц. и др.] _gМ-во сел. хоз-ва Рос. Федерации, Федер. гос. бюджет. науч. учреждение "Рос. науч.-исслед. ин-т информ. и техн.-экон. исслед. по инженер.-техн. обеспечению агропром. комплекса" (ФГБНУ "Росинформагротех") |
|
| 210 |
_aМосква _cРосинформагротех _d2013 |
||
| 215 |
_a94 с. _cил., цв. ил. _d20 |
||
| 300 | _aАвт. указаны на обороте тит. л. | ||
| 300 | _aРез. на англ. яз. | ||
| 320 | _aБиблиогр.: с. 89-93 (59 назв.) | ||
| 606 | 1 |
_aБиодизельное топливо _xПроизводство _92203654 _3RU\NLR\AUTH\6601558720 |
|
| 675 | _a662.636:621.436 | ||
| 686 | 1 | _aЛ534 | |
| 701 | 1 |
_aЗазуля _bА. Н. _gАлександр Николаевич |
|
| 701 | 1 |
_8rus _7ca _aНагорнов _bС. А. _gСтанислав Александрович _3RU\NLR\AUTH\7739053 _922037 |
|
| 701 | 1 |
_aРоманцова _bС. В. _gСветлана Валерьевна |
|
| 712 | 0 | 2 |
_4570 _aРоссийский НИИ информации и технико-экономических исследований по инженерно-техническому обеспечению агропромышленного комплекса _cпос. Правдинский, Московская обл. _3RU\NLR\AUTH\8826104 _9327418 |
| 801 | 0 |
_aRU _bRuMoRKP _c20131121 _gRCR |
|
| 801 | 2 |
_aRU _bРГБ _c20131202 _grcr |
|
| 801 | 1 |
_aRU _bRuMoRKP _c20131121 _2rusmarc |
|
| 942 | _cBOOK | ||
| 980 | _aNBR | ||